| 000 | 00885nam a2200205Ii 4500 | ||
|---|---|---|---|
| 003 | JO-AjNU | ||
| 008 | 230605s9999||||xx |||||||||||||| ||und|| | ||
| 040 |
_aJO-AjNU _bara _erda _cJO-AjNU |
||
| 041 | _aara | ||
| 050 | 1 | 4 | _aGB438.A65.T5754 1987 |
| 100 | 3 |
_aتاليف الطيطي، صالح حسين، م.مشارك عفانه، عبدالله ابراهيم, _eauthor _915324 |
|
| 245 | 0 | 0 | _aالوطن العربي: الأرض والسكان : علاقات، مشكلات وحلول |
| 250 | _aط1 | ||
| 264 | 3 | 1 | _aعمان: مؤسسة دار العلوم، 1987 |
| 300 |
_a487ص _bخرائط وصور توضيحية |
||
| 336 |
_atext _btxt _2rdacontent |
||
| 337 |
_aunmediated _bn _2rdamedia |
||
| 338 |
_avolume _bnc _2rdacarrier |
||
| 650 | 4 |
_aالموارد الطبيعية- البلدان العربية- الجغرافيا- السكان- احوال اقتصادية _915325 |
|
| 999 |
_aA4300 _c7868 _d7868 |
||